La carrière de Zlatan Ibrahimovic - Statistiques

Statistiques générales
  • Ce quiz a été pris 296 fois
  • Le résultat moyen est 10 sur 11
Statistiques - réponses
Année Match But Club % Correct
2012 - 2016 180 156 Paris Saint Germain
97%
2009 - 2011 46 22 FC Barcelone
95%
2020 - 2023 78 37 AC Milan
93%
2018 - 2020 58 53 Los Angeles Galaxy
93%
2001 - 2004 110 48 Ajax Amsterdam
92%
2006 - 2009 117 66 Inter Milan
91%
2016 - 2018 53 29 Manchester United
90%
-> 2010 - 2011 41 21 AC Milan
86%
1999 - 2001 47 18 Malmö FF
86%
2004 - 2006 92 26 Juventus FC
82%
2011 - 2012 44 35 AC Milan
73%
Aucun quiz correspondant
Distribution des résultats
% des personnes avec chaque résultat
Percentile par nombre de réponses
Votre historique - résultats
Vous n’avez pas pris ce quiz